Campeões da Eurocopa - Statistics

Estatísticas Gerais
  • Esse quiz foi jogado 191 vezes
  • A pontuação média é 20 de 27
Estatísticas das Respostas
Resposta % Correto
França
97%
Alemanha
96%
Espanha
96%
Itália
96%
Portugal
96%
Reino Unido
96%
Inglaterra
94%
Dinamarca
86%
Países Baixos
86%
Grécia
83%
Polônia
79%
Suiça
78%
Bélgica
77%
Suécia
77%
Rússia
75%
União Soviética
73%
Hungria
71%
Áustria
67%
Ucrânia
64%
Irlanda
63%
Iugoslávia
59%
Turquia
59%
Tchecoslováquia
56%
País de Gales
52%
Tchéquia
43%
Alemanha Ocidental
23%
Europa (sem sede fixa)
18%
Nenhum quiz correspondente encontrado
Distribuição das Pontuações
Porcentagem de Pessoas com Cada Pontuação
Percentil de Números Respondidos
Sua Pontuação Histórica
Você não jogou esse quiz